| 000 | 00482 a2200157 4500 | ||
|---|---|---|---|
| 005 | 20260328111505.0 | ||
| 008 | 260317b |||||||| |||| 00| 0 eng d | ||
| 020 | _a9789354829659 | ||
| 080 |
_aFM _bSHE/A |
||
| 100 | _aSheela Tomy | ||
| 245 | _aAa nadiyodu peru chodikkaruthu(ആ നദിയോട് പേര് ചോദിക്കരുത്) | ||
| 260 |
_bD C books. _aKottayam. _c2025. |
||
| 300 | _a390 p. | ||
| 653 | _aFiction-Novel-Malayalam literature | ||
| 942 | _cBK | ||
| 999 |
_c115350 _d115349 |
||